00635nam a2200205Ia 4500008004100000020001700041040001400058082002300072100004500095245003500140250001000175260004500185300001300230365002600243366000800269505002000277620006200297630003500359730003500394100315s9999 xx 000 0 und d a0070402671  cENGLISH  b5586 a658.4038  a"DAVIS, GORDON B., Olson, Margrethe H. " aManagement Information Systems a2nd  aNew Delhi bTata McGrow Hill  c2005  a693p.   eRupees d1 b0.00  f0  gTushar Jadhav  a"Information Systems Technology, Conceptual Foundation " aManagement Information Systems aManagement Information Systems